000 00995nam a2200193Ia 4500
003 Ost
005 20260416102401.0
008 260416s9999||||xx |||||||||||||| ||und||
040 _cfsecg
041 _aara
082 _a336
100 _aمكي،أحمد
_eمؤلف
245 0 _aالمالية العامة للدولة حسب البرنامج الوزاري الجديد :
_bمحاضرات موجهة لطلبة السنة الثالثة ليسانس والسنة الثانية ماستر في العلوم السياسية /
_cأحمد مكي
260 _aالجزائر
_bجامعة الجزائر3: كلية العلوم الإقتصادية، العلوم التجارية وعلوم التسيير
_c2022
300 _a110 ورقة
_bايضاحات
_c12 سم
653 _aالمالية العامة
710 _aجامعة الجزائر3: كلية العلوم الإقتصادية، العلوم التجارية وعلوم التسيير
_eناشر علمي
942 _cHANDOUT
999 _c41425
_d41425